Informe de labores del INIE /
Bewaard in:
| Hoofdauteur: | |
|---|---|
| Formaat: | Boek |
| Taal: | Spanish |
| Gepubliceerd in: |
San José, Costa Rica :
INIE,
2012
|
| Onderwerpen: | |
| Tags: |
Voeg label toe
Geen labels, Wees de eerste die dit record labelt!
|
MARC
| LEADER | 00000nam a2200000Ia 4500 | ||
|---|---|---|---|
| 008 | 180912b2012 cr ||||| |||| 00| | spa d | ||
| 999 | |c 2382 |d 2382 | ||
| 090 | |a 19.02.08 |b 697 | ||
| 100 | 1 | |a Vargas Porras, Alicia |9 131 | |
| 245 | 1 | 0 | |a Informe de labores del INIE / |c Alicia Vargas Porras |
| 260 | |a San José, Costa Rica : |b INIE, |c 2012 | ||
| 300 | |a 27 páginas | ||
| 610 | 2 | 4 | |9 153 |a INSTITUTO DE INVESTIGACIÓN EN EDUCACIÓN |
| 650 | 1 | 4 | |a INFORMES DE ACTIVIDADES |9 1465 |
| 942 | |i 00926 |h 19.02.08 697 |2 z |c 04 | ||
